Rzeki w Sosnowcu - Statystyki

Ogólne statystyki
  • Ten quiz został rozwiązany 47 razy
    42 od ostatniego zresetowania
  • Średni wynik to 5 z 8
Statystyki odpowiedzi
Długość Rzeka % Poprawnych
63,3 km Czarna Przemsza
90%
63,9 km Biała Przemsza
84%
24 km Przemsza
81%
57,2 km Brynica
77%
19,82 km Bobrek
58%
4 km Potok Zagórski
45%
6,4 km Jamki
13%
3.6 km Rów Mortimerowski
13%
Nie znaleziono quizów pasujących do podanych kryteriów
Rozkład punktacji
Procent ludzi z każdym wynikiem
Percentyl według liczby udzielonych odpowiedzi
Twoja historia wyników
Nie rozwiązałeś tego quizu od ostatniego zresetowania